| 000 | 00425nam a2200157 a 4500 | ||
|---|---|---|---|
| 001 | 1776331134417 | ||
| 003 | YourLibrary | ||
| 005 | 20260416145132.0 | ||
| 008 | 260416s1975##################000#0#eng## | ||
| 020 | _a9780406851123 | ||
| 082 | 0 | 4 |
_a348.42 _bALL.2 |
| 245 | 1 | 0 | _aThe All England Law Reports, 1975. Vol. 2, Editor R.n.g. Harrison : |
| 260 | _c1975. | ||
| 942 | _cENGLISH | ||
| 040 |
_aYourLibrary _beng _cYourLibrary |
||
| 999 |
_c619453 _d619453 |
||